000 00631nam a22002177a 4500
003 BD-DhJNU
005 20250120064928.0
008 250120b |||||||| |||| 00| 0 eng d
020 _a9781292161477
020 _a9781292161471
040 _aBD-DhJNU
_bENG
_cBD-DhJNU
_dBD-DhJNU
082 _223
_a301 MAS
100 _aMacionis, John J
245 _aSociology /
_cJohn J. Macionis
250 _a16th ed.
260 _aUnited Kingdom :
_bPearson Education Limited,
_c2018.
300 _axxx, 856 p. :
_bill. ;
_c26 cm.
504 _aIncludes bibliographical references and index
650 _aSociology
942 _2ddc
_cBK
_n0
999 _c1123
_d1123